000 00320nam a2200157Ia 4500
100 _aSedra/Adel S/ Smith/K.C
250 _a5
942 _cBK
366 _f20
245 _aMicro electronic circuits
260 _bOxford
_c2009
082 _a621.381
_bSED
300 _a1171
546 _aENGLISH
_cTTL
999 _c25636
_d25636